00432nam a2200169Ia 450000500170000000800410001702000180005803700130007604000200008904100130010908400190012210000100014124500440015125000060019526000520020130000090025320250326142309.0250326s9999 xx 000 0 und d a0 521 80448 5 aTextbook aFMSLbengcFMSL aeng2eng aX:5.1 P1qFMSL aW T O 0aWTO Dispute settlemnt procedurescW T O a2 aUnited KingdombUnited Kingdom, Cambridgec2001 a146p